[Event "SUI-ch 121st"]
[Site "Samnaun"]
[Date "2022.07.10"]
[Round "9"]
[White "Hakimifard, Ghazal"]
[Black "Salzgeber, Frank"]
[Result "1-0"]
[WhiteElo "2296"]
[BlackElo "2131"]
[PlyCount "147"]
[EventDate "2022.07.04"]
[EventType "swiss"]
[EventRounds "9"]
[EventCountry "SUI"]
[SourceTitle "CBM 209 Extra"]
[Source "ChessBase"]
[SourceDate "2022.09.30"]
[SourceVersion "1"]
[SourceVersionDate "2022.09.30"]
[SourceQuality "1"]

1. e4 e5 2. Nf3 Nc6 3. Bb5 Nf6 4. d3 Bc5 5. 0-0 Nd4 6. Nxd4 Bxd4 7. c3 Bb6 8. d4 0-0 9. Bd3 d6 10. a4 a6 11. a5 Ba7 12. Bc2 Re8 13. Re1 Nd7 14. Be3 Nf8 15. Nd2 Ng6 16. Nf1 Qf6 17. Qd2 h6 18. Ng3 Nh4 19. dxe5 dxe5 20. Bxa7 Rxa7 21. Qe3 Ra8 22. Bb3 Be6 23. Bd5 c6 24. Bxe6 Qxe6 25. Qb6 Re7 26. Red1 Rd7 27. h3 Re8 28. Kh2 Ree7 29. Qc5 f6 30. b4 Rxd1 31. Rxd1 Rd7 32. Rxd7 Qxd7 33. Qc4+ Kh7 34. Nh5 Ng6 35. Ng3 Nf4 36. Nf5 Ne6 37. Ne3 g6 38. Qa2 Kg7 39. Qe2 h5 40. Nc4 Nf4 41. Qe3 h4 42. Qc5 Ne6 43. Qd6 Qe8 44. Ne3 Kf7 45. Ng4 Kg7 46. g3 hxg3+ 47. fxg3 Qf7 48. h4 g5 49. Ne3 Kg6 50. Nf5 gxh4 51. Nxh4+ Kh7 52. Nf3 Kg6 53. Kg2 Kg7 54. c4 Kh7 55. c5 Kg7 56. Kf2 Kh7 57. Ke3 Kg7 58. Kd2 Kh7 59. Kc1 Kg7 60. Kb2 Kh7 61. g4 Ng7 62. g5 Qc4 63. Qxf6 Qxb4+ 64. Kc2 Qxc5+ 65. Kd1 Qa3 66. g6+ Kg8 67. Qf7+ Kh8 68. Nxe5 Qa4+ 69. Kc1 Qa1+ 70. Kc2 Qa4+ 71. Kd3 Qa3+ 72. Ke2 Qd6 73. Qf3 Qe7 74. Qh3+ 1-0

[Event "Biel HTO 54th"]
[Site "Biel"]
[Date "2021.08.01"]
[Round "6"]
[White "Salzgeber, Frank"]
[Black "Sultan, Ibrahim"]
[Result "1/2-1/2"]
[WhiteElo "2183"]
[BlackElo "2076"]
[PlyCount "115"]
[EventDate "2021.07.26"]
[EventType "swiss"]
[EventRounds "9"]
[EventCountry "SUI"]
[SourceTitle "CBM 203 Extra"]
[Source "ChessBase"]
[SourceDate "2021.09.30"]
[SourceVersion "1"]
[SourceVersionDate "2021.09.30"]
[SourceQuality "1"]

1. d4 Nf6 2. c4 e6 3. Nc3 d5 4. cxd5 exd5 5. Bg5 c6 6. e3 Be7 7. Bd3 Nbd7 8. Qc2 h6 9. Bh4 Nh5 10. Bxe7 Qxe7 11. 0-0-0 Nb6 12. h3 Bd7 13. Nf3 0-0-0 14. Na4 Nxa4 15. Qxa4 Kb8 16. Kb1 Nf6 17. Ne5 Ne8 18. Rc1 Nd6 19. Qb4 Ka8 20. Rc3 Rhe8 21. Rb3 Bf5 22. Bxf5 Nxf5 23. Qxe7 Rxe7 24. Rc3 g5 25. g3 f6 26. Nf3 Nd6 27. Nd2 Rde8 28. h4 g4 29. Rhc1 Kb8 30. Kc2 f5 31. Rf1 Ne4 32. Nxe4 fxe4 33. Kd2 Rf7 34. Ke2 Ref8 35. Rc5 Kc7 36. b4 Kd6 37. Rc2 h5 38. a3 b6 39. Rc3 a5 40. Rc2 Rf5 41. Rb2 axb4 42. axb4 Kc7 43. Rc2 Kb7 44. Ra2 R5f7 45. Ra3 Rc8 46. Rfa1 Rcf8 47. Ra7+ Kb8 48. Ra8+ Kc7 49. R1a7+ Kd6 50. Rxf8 Rxf8 51. Rh7 Rf5 52. Rh6+ Kc7 53. Rh7+ Kd6 54. Rb7 b5 55. Rh7 Ke6 56. Kf1 Kd6 57. Kg2 Ke6 58. Rc7 1/2-1/2

[Event "Biel HTO 54th"]
[Site "Biel"]
[Date "2021.07.30"]
[Round "5"]
[White "Giacomini, Hector"]
[Black "Salzgeber, Frank"]
[Result "0-1"]
[WhiteElo "2104"]
[BlackElo "2183"]
[PlyCount "112"]
[EventDate "2021.07.26"]
[EventType "swiss"]
[EventRounds "9"]
[EventCountry "SUI"]
[SourceTitle "CBM 203 Extra"]
[Source "ChessBase"]
[SourceDate "2021.09.30"]
[SourceVersion "1"]
[SourceVersionDate "2021.09.30"]
[SourceQuality "1"]

1. Nf3 Nf6 2. e3 d5 3. c4 e6 4. Nc3 Bd6 5. b3 0-0 6. Bb2 b6 7. d4 Bb7 8. Bd3 Nbd7 9. 0-0 a6 10. cxd5 exd5 11. Rc1 Re8 12. Ne2 Qe7 13. Rc2 Ne4 14. Qc1 Rac8 15. a4 f5 16. Rd1 g6 17. g3 Nef6 18. Nf4 Ng4 19. Bf1 Ndf6 20. h3 Nh6 21. Bg2 Nf7 22. Nd3 Ne4 23. Nfe5 Nd8 24. Qa1 a5 25. Qc1 Rf8 26. h4 Re8 27. Nf4 Ne6 28. Nxe6 Qxe6 29. Nd3 Qe7 30. Nf4 Kg7 31. Bf1 h6 32. Bb5 Rg8 33. Bc6 Bxc6 34. Rxc6 Nf6 35. Qc2 g5 36. hxg5 hxg5 37. Nxd5 Nxd5 38. Qxf5 Qf7 39. Qxg5+ Kf8 40. Qh6+ Ke7 41. Rc2 Qf3 42. Qh7+ Kf8 43. Rdd2 Nxe3 44. Qh6+ Kf7 45. Qxe3 Rxg3+ 46. Kf1 Qg2+ 47. Ke2 Rxe3+ 48. Kxe3 Re8+ 49. Kd3 Qf3+ 50. Kc4 Bb4 51. Bc3 Qc6+ 52. Kd3 Qe4+ 53. Kc4 Bd6 54. b4 Qc6+ 55. Kb3 Qd5+ 56. Ka3 Qc4 0-1

[Event "SUI-ch HT 119th"]
[Site "Leukerbad"]
[Date "2019.07.16"]
[Round "6"]
[White "Salzgeber, Frank"]
[Black "Santeramo, Alessia Carmen"]
[Result "1/2-1/2"]
[WhiteElo "2191"]
[BlackElo "2115"]
[PlyCount "82"]
[EventDate "2019.07.11"]
[EventType "swiss"]
[EventRounds "9"]
[EventCountry "SUI"]
[SourceTitle "EXT 2020"]
[Source "ChessBase"]
[SourceDate "2019.10.17"]
[SourceVersion "1"]
[SourceVersionDate "2019.10.17"]
[SourceQuality "1"]

1. d4 Nf6 2. c4 e6 3. Nf3 d5 4. Nc3 dxc4 5. e4 Bb4 6. Bxc4 Nxe4 7. 0-0 Nxc3 8. bxc3 Be7 9. Ne5 Nc6 10. Qg4 0-0 11. Bh6 Bf6 12. Rfe1 Kh8 13. Bf4 Bxe5 14. dxe5 f5 15. Qg3 Ne7 16. Rad1 Qe8 17. Bg5 Bd7 18. h4 h6 19. Bc1 b5 20. Be2 Bc6 21. Ba3 Rg8 22. c4 a6 23. Qe3 bxc4 24. Bxe7 Qxe7 25. Bxc4 Rad8 26. Qb3 Rb8 27. Qc3 Bb5 28. Bb3 Rgd8 29. a4 Be8 30. Qc4 Bf7 31. Rxd8+ Rxd8 32. Rc1 Rd2 33. g3 Qa3 34. Qxc7 Qxb3 35. Qxf7 Rd1+ 36. Rxd1 Qxd1+ 37. Kh2 Qd4 38. Qe8+ Kh7 39. Qxe6 Qxf2+ 40. Kh3 Qf1+ 41. Kh2 Qf2+ 1/2-1/2

[Event "SUI-ch HT1 118th"]
[Site "Lenzerheide"]
[Date "2018.07.18"]
[Round "7"]
[White "Salzgeber, Frank"]
[Black "Mueller, Leonhard"]
[Result "1-0"]
[WhiteElo "2210"]
[BlackElo "2199"]
[PlyCount "75"]
[EventDate "2018.07.12"]
[EventType "swiss"]
[EventRounds "9"]
[EventCountry "SUI"]
[SourceTitle "EXT 2019"]
[Source "ChessBase"]
[SourceDate "2018.10.10"]
[SourceVersion "1"]
[SourceVersionDate "2018.10.10"]
[SourceQuality "1"]

1. d4 Nf6 2. c4 g6 3. g3 Bg7 4. Bg2 c5 5. d5 e6 6. Nc3 exd5 7. cxd5 d6 8. Nf3 0-0 9. 0-0 a6 10. a4 Re8 11. Bf4 Qe7 12. Re1 h6 13. e4 Nh5 14. Be3 Nd7 15. h3 Rb8 16. g4 Nhf6 17. Bf4 Nh7 18. Qd2 g5 19. Bg3 Ne5 20. Nxe5 Bxe5 21. Ne2 Nf8 22. Bxe5 Qxe5 23. b4 b6 24. Rab1 Bd7 25. bxc5 dxc5 26. a5 b5 27. f4 gxf4 28. Nxf4 c4 29. Nh5 c3 30. Qxh6 Nh7 31. Rf1 Re7 32. Rf4 f6 33. Rxf6 c2 34. Rbf1 b4 35. d6 Bb5 36. dxe7 Qxe7 37. Rg6+ Kh8 38. Rg7 1-0

[Event "SUI-ch HT1 118th"]
[Site "Lenzerheide"]
[Date "2018.07.13"]
[Round "2"]
[White "Pellicoro, Fabian"]
[Black "Salzgeber, Frank"]
[Result "0-1"]
[WhiteElo "1758"]
[BlackElo "2210"]
[PlyCount "42"]
[EventDate "2018.07.12"]
[EventType "swiss"]
[EventRounds "9"]
[EventCountry "SUI"]
[SourceTitle "EXT 2019"]
[Source "ChessBase"]
[SourceDate "2018.10.10"]
[SourceVersion "1"]
[SourceVersionDate "2018.10.10"]
[SourceQuality "1"]

1. e4 e5 2. Nf3 Nc6 3. Bc4 Bc5 4. 0-0 Nf6 5. d4 Bxd4 6. Nxd4 Nxd4 7. f4 d6 8. fxe5 dxe5 9. Bg5 Qe7 10. Na3 Rg8 11. c3 Ne6 12. Bxf6 gxf6 13. Bxe6 Bxe6 14. Qf3 Rd8 15. Qxf6 Qc5+ 16. Rf2 Rg6 17. Qh8+ Ke7 18. Qxh7 Rdg8 19. Qh4+ Ke8 20. g3 Rg4 21. Qf6 Rf4 0-1

[Event "SUI-ch 117th"]
[Site "Graechen"]
[Date "2017.07.17"]
[Round "5"]
[White "Gallagher, Joseph G"]
[Black "Salzgeber, Frank"]
[Result "1-0"]
[WhiteElo "2433"]
[BlackElo "2208"]
[PlyCount "84"]
[EventDate "2017.07.13"]
[EventType "swiss"]
[EventRounds "9"]
[EventCountry "SUI"]
[SourceTitle "EXT 2019"]
[Source "ChessBase"]
[SourceDate "2018.10.10"]
[SourceVersion "1"]
[SourceVersionDate "2018.10.10"]
[SourceQuality "1"]

1. e4 e5 2. Nf3 Nc6 3. Bc4 Bc5 4. c3 Nf6 5. d3 0-0 6. b4 Be7 7. 0-0 d5 8. exd5 Nxd5 9. Re1 Bg4 10. h3 Bh5 11. b5 Na5 12. Rxe5 Nf6 13. Bb3 Bd6 14. Re1 Nxb3 15. axb3 Nd5 16. Ra4 Qf6 17. Bd2 Nf4 18. Bxf4 Bxf4 19. Qe2 Bd6 20. Qe4 Bg6 21. Qxb7 Bxd3 22. Qc6 Qf5 23. Na3 Rab8 24. Nc4 Qxb5 25. Qxb5 Rxb5 26. Nxd6 cxd6 27. b4 Rb7 28. Ra5 Rc7 29. Re3 Rxc3 30. Kh2 Rfc8 31. Rxa7 h6 32. Rd7 Bf5 33. Rxd6 R3c4 34. b5 Rb8 35. Nd4 Bg6 36. f4 Bc2 37. Re7 Ba4 38. Rdd7 Rf8 39. Ne6 Bxb5 40. Nxf8 Bxd7 41. Nxd7 Rxf4 42. Re8+ Kh7 1-0

[Event "Celerina op 10th"]
[Site "Celerina"]
[Date "2016.05.16"]
[Round "5"]
[White "Hasenohr, Benedict"]
[Black "Salzgeber, Frank"]
[Result "1-0"]
[WhiteElo "2240"]
[BlackElo "2162"]
[PlyCount "79"]
[EventDate "2016.05.14"]
[EventType "swiss"]
[EventRounds "5"]
[EventCountry "SUI"]
[SourceTitle "CBM 172 Extra"]
[Source "ChessBase"]
[SourceDate "2016.06.21"]
[SourceVersion "1"]
[SourceVersionDate "2016.06.21"]
[SourceQuality "1"]

1. d4 Nf6 2. c4 e6 3. Nc3 Bb4 4. e3 0-0 5. Nge2 d5 6. a3 Bd6 7. c5 Be7 8. b4 b6 9. Bb2 c6 10. g3 bxc5 11. dxc5 Qc7 12. Bg2 Nbd7 13. f4 Ng4 14. Qd2 Ba6 15. h3 Nh6 16. 0-0 Nf5 17. Rf2 Bxe2 18. Nxe2 Bf6 19. e4 Bxb2 20. Qxb2 Ne3 21. exd5 cxd5 22. Rc1 Rab8 23. Nd4 Nc4 24. Qc3 a6 25. Bf1 e5 26. Nf5 Nf6 27. Bxc4 Ne4 28. Qxe5 Qxe5 29. fxe5 Nxf2 30. Bxd5 Nd3 31. Rc3 Nxe5 32. c6 Nxc6 33. Rxc6 Rfd8 34. Rxa6 Kf8 35. Ne3 Rb5 36. Ra5 Rb6 37. Ra7 Rg6 38. Kg2 f5 39. Rf7+ Ke8 40. Rxf5 1-0

[Event "SUI-ch op"]
[Site "Leukerbad"]
[Date "2015.07.11"]
[Round "3"]
[White "Salzgeber, Frank"]
[Black "Landenbergue, Claude"]
[Result "1/2-1/2"]
[WhiteElo "2212"]
[BlackElo "2376"]
[PlyCount "39"]
[EventDate "2015.07.09"]
[EventType "swiss"]
[EventRounds "9"]
[EventCountry "SUI"]
[SourceTitle "EXT 2019"]
[Source "ChessBase"]
[SourceDate "2018.10.10"]
[SourceVersion "1"]
[SourceVersionDate "2018.10.10"]
[SourceQuality "1"]

1. d4 e6 2. c4 Bb4+ 3. Nc3 c5 4. e3 Nf6 5. Nge2 0-0 6. a3 Bxc3+ 7. Nxc3 cxd4 8. exd4 d5 9. c5 Nc6 10. Bf4 Ne4 11. Nxe4 dxe4 12. Bd6 Re8 13. Bc4 Qf6 14. 0-0 Nxd4 15. Re1 e5 16. Rxe4 Bf5 17. Bxe5 Rxe5 18. Rxd4 Rxc5 19. Qd2 Re8 20. Rd1 1/2-1/2

[Event "SUI-ch op"]
[Site "Leukerbad"]
[Date "2015.07.10"]
[Round "2"]
[White "Huss, Andreas"]
[Black "Salzgeber, Frank"]
[Result "1/2-1/2"]
[WhiteElo "2351"]
[BlackElo "2212"]
[PlyCount "86"]
[EventDate "2015.07.09"]
[EventType "swiss"]
[EventRounds "9"]
[EventCountry "SUI"]
[SourceTitle "EXT 2019"]
[Source "ChessBase"]
[SourceDate "2018.10.10"]
[SourceVersion "1"]
[SourceVersionDate "2018.10.10"]
[SourceQuality "1"]

1. d4 Nf6 2. c4 e6 3. Nf3 Bb4+ 4. Nbd2 0-0 5. a3 Be7 6. e4 d5 7. e5 Nfd7 8. cxd5 exd5 9. b4 a5 10. b5 c5 11. Bd3 cxd4 12. Qc2 h6 13. Nb3 a4 14. Nbxd4 Nc5 15. 0-0 Nxd3 16. Qxd3 Nd7 17. Nf5 Nc5 18. Nxe7+ Qxe7 19. Qe3 Nb3 20. Ra2 Bd7 21. b6 Rfc8 22. Bd2 Qc5 23. Qxc5 Rxc5 24. Be3 Rc4 25. Rd1 Rac8 26. h3 Be6 27. Nd4 Nxd4 28. Bxd4 Rc1 29. Rad2 R8c2 30. Kh2 Rxd1 31. Rxd1 Bd7 32. g4 Bb5 33. Kg3 Ra2 34. Bc5 Bc4 35. f4 Rc2 36. f5 Rc3+ 37. Kf4 Bb3 38. Bd4 Rxh3 39. Re1 Rd3 40. Bc5 Bd1 41. e6 f6 42. Re3 Rxe3 43. Bxe3 Kf8 1/2-1/2

[Event "SUI-chT"]
[Site "Switzerland"]
[Date "2015.03.29"]
[Round "1.4"]
[White "Salzgeber, Frank"]
[Black "Studer, Noel"]
[Result "1/2-1/2"]
[WhiteElo "2189"]
[BlackElo "2395"]
[PlyCount "82"]
[EventDate "2015.03.29"]
[EventType "team-tourn"]
[EventRounds "9"]
[EventCountry "SUI"]
[SourceTitle "EXT 2016"]
[Source "ChessBase"]
[SourceDate "2015.10.08"]
[SourceVersion "1"]
[SourceVersionDate "2015.10.08"]
[SourceQuality "1"]
[WhiteTeam "Bern Schwarz Weiss"]
[BlackTeam "Zuerich"]
[WhiteTeamCountry "SUI"]
[BlackTeamCountry "SUI"]

1. d4 e6 2. c4 Nf6 3. Nc3 Bb4 4. e3 0-0 5. Nge2 d5 6. a3 Be7 7. Nf4 dxc4 8. Bxc4 c5 9. dxc5 Qxd1+ 10. Kxd1 Bxc5 11. b4 Be7 12. Ke2 a5 13. b5 Nbd7 14. Na4 Ne5 15. Nb6 Nxc4 16. Nxc4 Bd7 17. a4 Rac8 18. Ba3 Bxa3 19. Nxa3 Ne4 20. Kf3 Nd2+ 21. Ke2 Nb3 22. Rad1 Rfd8 23. Nd3 Be8 24. Nb2 Kf8 25. Rxd8 Rxd8 26. Rd1 Ke7 27. Rxd8 Kxd8 28. Nd3 f6 29. f3 Bg6 30. e4 e5 31. Nc4 Kc7 32. Nd2 Nd4+ 33. Ke3 Bf7 34. g3 Kd6 35. f4 Nc2+ 36. Kf2 Nb4 37. Ke3 b6 38. fxe5+ fxe5 39. h3 Be6 40. h4 h6 41. Nb2 Kc5 1/2-1/2

[Event "SUI-chT"]
[Site "Switzerland"]
[Date "2014.03.16"]
[Round "1.8"]
[White "Heinatz, Gundula"]
[Black "Salzgeber, Frank"]
[Result "1/2-1/2"]
[WhiteElo "2163"]
[BlackElo "2176"]
[PlyCount "106"]
[EventDate "2014.03.16"]
[EventType "team-tourn"]
[EventRounds "9"]
[EventCountry "SUI"]
[SourceTitle "EXT 2015"]
[Source "ChessBase"]
[SourceDate "2014.11.20"]
[SourceVersion "1"]
[SourceVersionDate "2014.11.20"]
[SourceQuality "1"]
[WhiteTeam "Trubschachen"]
[BlackTeam "Bern Schwarz Weiss"]
[WhiteTeamCountry "SUI"]
[BlackTeamCountry "SUI"]

1. d4 Nf6 2. Bg5 e6 3. e4 h6 4. Bxf6 Qxf6 5. c3 b6 6. Nd2 Bb7 7. Bd3 c5 8. Ngf3 Nc6 9. e5 Qd8 10. 0-0 cxd4 11. cxd4 Nb4 12. Bb1 Be7 13. Ne4 Rc8 14. Re1 Nd5 15. a3 Qc7 16. Qd3 Qc4 17. Qd2 0-0 18. Bd3 Qc7 19. Rad1 d6 20. h3 Rfd8 21. Ng3 dxe5 22. dxe5 a6 23. Nh5 Bf8 24. Qe2 g6 25. Nf6+ Nxf6 26. exf6 Bxf3 27. Qxf3 b5 28. h4 Rd5 29. Be4 Rxd1 30. Rxd1 Rd8 31. Rxd8 Qxd8 32. h5 gxh5 33. g3 Qd4 34. b4 Qe5 35. Kg2 a5 36. bxa5 Bxa3 37. Bc2 Bc5 38. a6 Qd5 39. Be4 Qd4 40. Bd3 b4 41. Qa8+ Bf8 42. Bh7+ Kxh7 43. Qxf8 Kg6 44. Qg7+ Kf5 45. Qxh6 Qd5+ 46. Kh2 Qa2 47. Qxh5+ Kxf6 48. Qf3+ Kg7 49. Qg4+ Kh7 50. Qe4+ Kg8 51. Qg4+ Kh7 52. Qh4+ Kg6 53. Qg4+ Kh7 1/2-1/2

[Event "SUI-chT"]
[Site "Switzerland"]
[Date "2013.10.12"]
[Round "8.5"]
[White "Zueger, Beat"]
[Black "Salzgeber, Frank"]
[Result "1/2-1/2"]
[WhiteElo "2403"]
[BlackElo "2215"]
[PlyCount "50"]
[EventDate "2013.03.17"]
[EventType "team-tourn"]
[EventRounds "9"]
[EventCountry "SUI"]
[SourceTitle "EXT 2014"]
[Source "ChessBase"]
[SourceDate "2013.11.20"]
[SourceVersion "1"]
[SourceVersionDate "2013.11.20"]
[SourceQuality "1"]
[WhiteTeam "Luzern"]
[BlackTeam "Bern Schwarz Weiss"]
[WhiteTeamCountry "SUI"]
[BlackTeamCountry "SUI"]

1. Nf3 Nf6 2. c4 e6 3. g3 d5 4. d4 Bb4+ 5. Bd2 a5 6. Bg2 dxc4 7. 0-0 Nc6 8. Bc3 Nd5 9. e4 Nxc3 10. bxc3 Bd6 11. e5 Be7 12. Nfd2 Bd7 13. a4 0-0 14. Nxc4 Qc8 15. Nbd2 Nd8 16. Rb1 Bc6 17. Bxc6 Nxc6 18. Qf3 Ra6 19. Rb5 Qa8 20. Qe2 Rd8 21. f4 Bf8 22. Qe4 b6 23. f5 Ne7 24. fxe6 fxe6 25. Qxa8 Raxa8 1/2-1/2

[Event "SUI-chT"]
[Site "Switzerland"]
[Date "2013.09.08"]
[Round "7.8"]
[White "Pluess, Peter"]
[Black "Salzgeber, Frank"]
[Result "1/2-1/2"]
[WhiteElo "2206"]
[BlackElo "2186"]
[PlyCount "121"]
[EventDate "2013.03.17"]
[EventType "team-tourn"]
[EventRounds "9"]
[EventCountry "SUI"]
[SourceTitle "EXT 2014"]
[Source "ChessBase"]
[SourceDate "2013.11.20"]
[SourceVersion "1"]
[SourceVersionDate "2013.11.20"]
[SourceQuality "1"]
[WhiteTeam "Bodan"]
[BlackTeam "Bern Schwarz Weiss"]
[WhiteTeamCountry "SUI"]
[BlackTeamCountry "SUI"]

1. d4 Nf6 2. g3 e6 3. Bg2 d5 4. Nf3 b5 5. a4 b4 6. c4 bxc3 7. bxc3 Ba6 8. 0-0 Nbd7 9. Re1 Rc8 10. Nbd2 Be7 11. e4 dxe4 12. Nxe4 Nxe4 13. Rxe4 0-0 14. Re1 Bc4 15. a5 c5 16. Qa4 Bd5 17. Bf4 cxd4 18. cxd4 Rc4 19. Qb5 Rb4 20. Qd3 Qa8 21. Rec1 Rb3 22. Rc3 Be4 23. Qe3 Rxc3 24. Qxc3 Nf6 25. Ne1 Rc8 26. Qd2 Bxg2 27. Nxg2 Nd5 28. Be3 Bb4 29. Qd1 h6 30. Qg4 Nf6 31. Qe2 Qc6 32. Nf4 Bd6 33. Nh5 Nxh5 34. Qxh5 Qb7 35. a6 Qd5 36. Ra5 Qxh5 37. Rxh5 Rc7 38. Rb5 Rc6 39. Ra5 Rc7 40. d5 exd5 41. Rxd5 Rc6 42. Ra5 Bc7 43. Rc5 Rxc5 44. Bxc5 Bb8 45. Kf1 f5 46. Ke2 Kf7 47. Kd3 Ke6 48. Kc4 g5 49. Bf8 h5 50. Kc5 Kf7 51. Bh6 Kg6 52. Bf8 Kf7 53. Bd6 Bxd6+ 54. Kxd6 g4 55. Ke5 Kg6 56. Ke6 Kg5 57. Kd5 Kf6 58. Kd6 Kf7 59. Ke5 Kg6 60. Ke6 Kg5 61. Ke5 1/2-1/2

[Event "SUI-ch 113th"]
[Site "Graechen"]
[Date "2013.07.17"]
[Round "7"]
[White "Salzgeber, Frank"]
[Black "Marro, Christian"]
[Result "1/2-1/2"]
[WhiteElo "2186"]
[BlackElo "1995"]
[PlyCount "65"]
[EventDate "2013.07.11"]
[EventType "swiss"]
[EventRounds "9"]
[EventCountry "SUI"]
[SourceTitle "CBM 155 Extra"]
[Source "ChessBase"]
[SourceDate "2013.08.26"]
[SourceVersion "1"]
[SourceVersionDate "2013.08.26"]
[SourceQuality "1"]

1. d4 Nf6 2. c4 e6 3. Nc3 Bb4 4. e3 0-0 5. Bd3 d5 6. Nf3 dxc4 7. Bxc4 b6 8. 0-0 Bb7 9. a3 Bxc3 10. bxc3 Ba6 11. Bxa6 Nxa6 12. Qe2 Qc8 13. e4 h6 14. Ne5 c5 15. Bb2 Qb7 16. Rfe1 Rac8 17. Nc4 Rfd8 18. e5 Ne8 19. Nd2 cxd4 20. cxd4 Rc2 21. Rab1 Nc5 22. Qd1 Rxb2 23. Rxb2 Nd3 24. Nf3 Nxb2 25. Qb3 Qc6 26. Qxb2 Rc8 27. h3 Qc3 28. Qb5 Qc4 29. Qd7 Qc7 30. Qa4 Qb7 31. Rb1 a6 32. Qb3 b5 33. a4 1/2-1/2

[Event "SUI-ch 113th"]
[Site "Graechen"]
[Date "2013.07.15"]
[Round "5"]
[White "Salzgeber, Frank"]
[Black "Bischofberger, Dario"]
[Result "1/2-1/2"]
[WhiteElo "2186"]
[BlackElo "1893"]
[PlyCount "87"]
[EventDate "2013.07.11"]
[EventType "swiss"]
[EventRounds "9"]
[EventCountry "SUI"]
[SourceTitle "CBM 155 Extra"]
[Source "ChessBase"]
[SourceDate "2013.08.26"]
[SourceVersion "1"]
[SourceVersionDate "2013.08.26"]
[SourceQuality "1"]

1. d4 e6 2. c4 f5 3. Nf3 b6 4. g3 Bb7 5. Bg2 Bb4+ 6. Nbd2 Nf6 7. 0-0 0-0 8. a3 Bxd2 9. Qxd2 Qe7 10. b4 d6 11. Bb2 Nbd7 12. Qc2 Rad8 13. Rac1 c5 14. dxc5 dxc5 15. b5 Be4 16. Qc3 Rfe8 17. Rcd1 Nf8 18. Ne5 Ng6 19. Nc6 Bxc6 20. Bxc6 Rxd1 21. Rxd1 Rd8 22. Qc2 Rd6 23. Rd3 Qd8 24. Qd1 Rxd3 25. Qxd3 Qxd3 26. exd3 e5 27. Kf1 Kf7 28. Ke2 Ke6 29. a4 Ne7 30. Bg2 Ng6 31. h4 h5 32. Bb7 f4 33. Bc3 fxg3 34. fxg3 Ne7 35. Kf3 Kd6 36. Be4 Ke6 37. Bb7 Kd6 38. Be4 Ke6 39. a5 Nf5 40. Bxf5+ Kxf5 41. a6 Nd7 42. Bd2 Nf6 43. Be1 Nd7 44. Bc3 1/2-1/2

[Event "SUI-ch 113th"]
[Site "Graechen"]
[Date "2013.07.12"]
[Round "2"]
[White "Arcuti, Davide"]
[Black "Salzgeber, Frank"]
[Result "1/2-1/2"]
[WhiteElo "2040"]
[BlackElo "2186"]
[PlyCount "65"]
[EventDate "2013.07.11"]
[EventType "swiss"]
[EventRounds "9"]
[EventCountry "SUI"]
[SourceTitle "CBM 155 Extra"]
[Source "ChessBase"]
[SourceDate "2013.08.26"]
[SourceVersion "1"]
[SourceVersionDate "2013.08.26"]
[SourceQuality "1"]

1. d4 Nf6 2. c4 e6 3. Nc3 Bb4 4. Qc2 0-0 5. a3 Bxc3+ 6. Qxc3 d5 7. Nf3 dxc4 8. Qxc4 b6 9. Bg5 Ba6 10. Qa4 c5 11. dxc5 bxc5 12. e3 Bxf1 13. Rxf1 Qb6 14. Bxf6 gxf6 15. Qc2 Nd7 16. Nd2 Ne5 17. Ne4 f5 18. Nf6+ Kg7 19. Nh5+ Kh6 20. Nf4 Rad8 21. Qc3 f6 22. Rc1 c4 23. Rd1 Nd3+ 24. Nxd3 cxd3 25. b4 Qa6 26. f4 d2+ 27. Rxd2 Rxd2 28. Qxd2 Qxa3 29. Rf3 Rc8 30. Rh3+ Kg6 31. Rg3+ Kh6 32. Rh3+ Kg6 33. Rg3+ 1/2-1/2

[Event "SUI-chT"]
[Site "Switzerland"]
[Date "2013.04.28"]
[Round "2.5"]
[White "Kuemin, Simon"]
[Black "Salzgeber, Frank"]
[Result "1/2-1/2"]
[WhiteElo "2364"]
[BlackElo "2215"]
[PlyCount "34"]
[EventDate "2013.03.17"]
[EventType "team-tourn"]
[EventRounds "9"]
[EventCountry "SUI"]
[SourceTitle "EXT 2014"]
[Source "ChessBase"]
[SourceDate "2013.11.20"]
[SourceVersion "1"]
[SourceVersionDate "2013.11.20"]
[SourceQuality "1"]
[WhiteTeam "Reti"]
[BlackTeam "Bern Schwarz Weiss"]
[WhiteTeamCountry "SUI"]
[BlackTeamCountry "SUI"]

1. d4 Nf6 2. Bg5 e6 3. Nf3 c5 4. e3 Be7 5. c4 h6 6. Bxf6 Bxf6 7. Nc3 0-0 8. Be2 d6 9. 0-0 cxd4 10. exd4 Nc6 11. Qd2 d5 12. c5 b6 13. Rab1 bxc5 14. dxc5 Qa5 15. b4 Nxb4 16. Nxd5 exd5 17. Rxb4 Qxc5 1/2-1/2

[Event "SUI-chB"]
[Site "Flims"]
[Date "2012.07.14"]
[Round "3"]
[White "Jurek, Josef"]
[Black "Salzgeber, Frank"]
[Result "1/2-1/2"]
[WhiteElo "2328"]
[BlackElo "2168"]
[PlyCount "148"]
[EventDate "2012.07.12"]
[EventType "swiss"]
[EventRounds "9"]
[EventCountry "SUI"]
[SourceTitle "CBM 149 Extra"]
[Source "ChessBase"]
[SourceDate "2012.08.24"]
[SourceVersion "1"]
[SourceVersionDate "2012.08.24"]
[SourceQuality "1"]

1. Nf3 Nf6 2. c4 Nc6 3. d4 e6 4. Nc3 Bb4 5. Bd2 d6 6. a3 Bxc3 7. Bxc3 Ne4 8. Qc2 Nxc3 9. Qxc3 0-0 10. e3 Qe7 11. d5 Nb8 12. dxe6 Bxe6 13. Be2 a5 14. b3 Nd7 15. 0-0 Bg4 16. h3 Bh5 17. Rfe1 Qf6 18. Qxf6 Nxf6 19. Nd4 Bxe2 20. Rxe2 Ne4 21. f3 Nc5 22. Rb1 Rfe8 23. e4 Ne6 24. Nb5 h5 25. h4 Re7 26. Rd2 g6 27. Nc3 Kg7 28. Kf2 Ree8 29. g3 Nc5 30. Nd5 Rec8 31. Rbb2 Nd7 32. Nc3 Ne5 33. Kg2 a4 34. f4 Ng4 35. Nd5 axb3 36. Rxb3 b6 37. Ra2 Nf6 38. Nc3 Nd7 39. a4 Nc5 40. Rb5 Nb7 41. e5 dxe5 42. Rxe5 Re8 43. Rae2 Rxe5 44. Rxe5 Nc5 45. Re7 Ne6 46. Rd7 Kf8 47. f5 gxf5 48. Rd5 Rd8 49. Rxd8+ Nxd8 50. c5 bxc5 51. a5 Nc6 52. a6 Ke7 53. Nd5+ Kd7 54. Nf6+ Kc8 55. Nxh5 Kb8 56. Ng7 Ne7 57. h5 Ka7 58. h6 Ng6 59. Nxf5 Kxa6 60. Kf2 Kb5 61. Ke2 Kc4 62. h7 Nh8 63. g4 Kd5 64. g5 Ke4 65. Nh6 Kf4 66. Nxf7 Ng6 67. Kd3 Kf5 68. Kc4 Ke6 69. Nh6 Ke7 70. Kxc5 Kf8 71. Nf5 Kf7 72. Kc6 Nh8 73. Nh4 Kg7 74. g6 Nxg6 1/2-1/2

[Event "SUI-ch op"]
[Site "Lenzerheide"]
[Date "2010.07.15"]
[Round "8"]
[White "Wirthensohn, Heinz"]
[Black "Salzgeber, Frank"]
[Result "1-0"]
[WhiteElo "2413"]
[BlackElo "2194"]
[PlyCount "61"]
[EventDate "2010.07.08"]
[EventType "swiss"]
[EventRounds "9"]
[EventCountry "SUI"]
[SourceTitle "CBM 137 Extra"]
[Source "ChessBase"]
[SourceDate "2010.09.01"]
[SourceVersion "1"]
[SourceVersionDate "2010.09.01"]
[SourceQuality "1"]

1. Nf3 Nf6 2. c4 c5 3. Nc3 e6 4. e3 Nc6 5. d4 d5 6. cxd5 exd5 7. Bb5 Be6 8. 0-0 Qb6 9. b3 a6 10. dxc5 Bxc5 11. Be2 Qd8 12. Bb2 0-0 13. Rc1 Ba7 14. Na4 Qd6 15. Qc2 Ne4 16. Rfd1 Rad8 17. a3 Bg4 18. b4 Rfe8 19. Nc5 Nxc5 20. bxc5 Qh6 21. Nd4 Bxe2 22. Qxe2 Bb8 23. h3 Nxd4 24. Bxd4 Re4 25. Rb1 Qc6 26. Qb2 Qc7 27. g3 Rd7 28. Bxg7 Qxc5 29. Rbc1 Qa5 30. Bh8 f5 31. Rc8+ 1-0